[Event "t'as interet a répondre"]
[Site "http://www.queenalice.com/game.php?id=1193676"]
[Date "2013.6.24"]
[Round "-"]
[White "fafadu32"]
[Black "jcdu32"]
[Result "1-0"]
[WhiteElo "1559"]
[BlackElo "1904"]

1. e4 e5 2. Nf3 Nc6 3. Bc4 Be7 4. Nc3 d6 5. d4 Bf6 6. dxe5 dxe5 7. Bd5 Nge7 8.
Bxc6+ Nxc6 9. Qxd8+ Nxd8 10. O-O O-O 11. Nd5 Kh8 12. Nxc7 Rb8 13. Nd5 Bg4 14.
Nd2 Bg5 15. Nb3 Ne6 16. Bxg5 f6 17. Be3 Be2 18. Rfe1 Bc4 19. Bxa7 Rbc8 20. Rac1
Rfd8 21. Ne7 Ra8 22. Bb6 Rd7 23. Nf5 1-0

[Event "AUTO-INT-2628"]
[Site "http://www.queenalice.com/game.php?id=1228197"]
[Date "2013.10.29"]
[Round "2"]
[White "fafadu32"]
[Black "rafael_100000"]
[Result "0-1"]
[WhiteElo "1528"]
[BlackElo "1824"]

1. e4 e5 2. Nf3 d6 3. Bc4 c6 4. Nc3 Nf6 5. d3 Be7 6. h3 d5 7. exd5 cxd5 8. Bb5+
Nc6 9. Nxe5 Bd7 10. Nxd7 Qxd7 11. Bxc6 Qxc6 12. Bg5 d4 13. Ne2 O-O 14. O-O Qb5
15. Bxf6 Bxf6 16. Qd2 Qxb2 0-1

[Event "AUTO-INT-2628"]
[Site "http://www.queenalice.com/game.php?id=1228198"]
[Date "2013.10.29"]
[Round "2"]
[White "rafael_100000"]
[Black "fafadu32"]
[Result "1-0"]
[WhiteElo "1853"]
[BlackElo "1524"]

1. e4 e5 2. Nf3 d6 3. Be2 Nf6 4. d3 Be7 5. Nc3 O-O 6. Bg5 Nc6 7. Nd5 Bg4 8. h3
Bh5 9. Nh4 Bxe2 10. Qxe2 Nxd5 11. exd5 Bxg5 12. dxc6 Bxh4 13. cxb7 Rb8 14. g3
Bf6 15. Qe4 d5 16. Qb4 c6 17. O-O Qb6 18. Qd2 1-0

[Event "AUTO-INT-2781"]
[Site "http://www.queenalice.com/game.php?id=1241962"]
[Date "2013.12.22"]
[Round "1"]
[White "fafadu32"]
[Black "areis"]
[Result "0-1"]
[WhiteElo "1469"]
[BlackElo "1957"]

1. e4 e6 2. d4 d5 3. Nc3 Nf6 4. e5 Nfd7 5. f4 c5 6. Nf3 a6 7. Bd3 Nc6 8. Be3 b5
9. a3 cxd4 10. Nxd4 Nxd4 11. Bxd4 Be7 12. O-O g6 13. Qf3 O-O 14. Rad1 Bb7 15. b4
Rc8 0-1

[Event "AUTO-INT-2781"]
[Site "http://www.queenalice.com/game.php?id=1241963"]
[Date "2013.12.22"]
[Round "1"]
[White "areis"]
[Black "fafadu32"]
[Result "1-0"]
[WhiteElo "1959"]
[BlackElo "1467"]

1. e4 e5 2. Nf3 d6 3. d4 exd4 4. Nxd4 Nf6 5. Nc3 Be7 6. Bc4 a6 7. O-O b5 8. Bb3
c5 9. Ndxb5 axb5 10. Nxb5 Nc6 11. Bg5 Ba6 12. Qd3 Qb6 13. c4 Bxb5 14. cxb5 Nd4
15. Be3 1-0

[Event "Challenge"]
[Site "http://www.queenalice.com/game.php?id=1264673"]
[Date "2014.3.13"]
[Round "-"]
[White "fafadu32"]
[Black "bzq5"]
[Result "1-0"]
[WhiteElo "1480"]
[BlackElo "1808"]

1. e4 e5 2. Nf3 Nc6 3. Bc4 Nf6 4. d4 Ng4 5. h3 Nf6 6. dxe5 Nxe4 7. Qd5 Qe7 8.
Qxe4 b6 9. O-O Bb7 10. Nc3 Na5 11. Qd4 O-O-O 12. Bd5 d6 13. Bxb7+ Nxb7 14. Bg5
f6 15. exf6 Qf7 16. fxg7 1-0

[Event "Challenge"]
[Site "http://www.queenalice.com/game.php?id=1264681"]
[Date "2014.3.13"]
[Round "-"]
[White "thiagobh"]
[Black "fafadu32"]
[Result "0-1"]
[WhiteElo "1535"]
[BlackElo "1509"]

1. Nf3 Nc6 2. g3 e5 3. d3 d5 4. Bg2 Bc5 5. O-O e4 6. dxe4 dxe4 7. Qxd8+ Nxd8 8.
Ne1 Bf5 9. e3 Nf6 10. Bd2 O-O 11. Bc3 Nd5 12. Be5 Nc6 13. Bc3 Rad8 14. Bd2 Rd7
15. Nc3 Rfd8 16. Nxe4 Bxe4 17. Bxe4 Re7 18. Bxd5 Rxd5 19. Nd3 Red7 20. Rad1 Ne5
21. Nxe5 Rxe5 22. Rfe1 Red5 0-1

[Event "Challenge"]
[Site "http://www.queenalice.com/game.php?id=1264682"]
[Date "2014.3.13"]
[Round "-"]
[White "TomasBlack"]
[Black "fafadu32"]
[Result "0-1"]
[WhiteElo "1740"]
[BlackElo "1542"]

1. e4 e5 2. Nf3 d6 3. c3 Be7 4. d4 exd4 5. cxd4 Nf6 6. Nc3 O-O 7. h3 Be6 8. d5
Bd7 9. Qd4 c6 10. Bg5 cxd5 11. Bxf6 Bxf6 12. Qe3 dxe4 13. Nxe4 Bxb2 14. Rb1 d5
15. Bd3 dxe4 16. Qxe4 Re8 17. Ne5 Rxe5 18. Rxb2 Rxe4+ 19. Bxe4 Qe8 20. Re2 Bb5
21. Bd3 Qd7 0-1

[Event "Challenge"]
[Site "http://www.queenalice.com/game.php?id=1264685"]
[Date "2014.3.13"]
[Round "-"]
[White "fafadu32"]
[Black "Givanildo"]
[Result "0-1"]
[WhiteElo "1566"]
[BlackElo "1648"]

1. e4 e6 2. d4 d5 3. Nc3 Bb4 4. e5 a6 5. a3 Bxc3+ 6. bxc3 b5 7. f4 h5 8. Nf3 h4
9. h3 Qe7 10. Bd3 g6 11. O-O g5 12. Nxg5 f5 13. Be3 Nc6 14. a4 b4 15. cxb4 Nxb4
16. c3 Nxd3 17. Qxd3 Bb7 18. Rab1 c5 19. dxc5 Bc6 20. a5 Bb5 21. Rxb5 axb5 22.
Qxb5+ Kf8 23. a6 Nh6 24. Qb7 Re8 25. c6 Qa3 26. a7 Qxc3 27. a8=Q Qxe3+ 28. Kh1
Rxa8 29. Qxa8+ Kg7 30. Qb7+ Kg6 0-1

[Event "Challenge"]
[Site "http://www.queenalice.com/game.php?id=1265046"]
[Date "2014.3.14"]
[Round "-"]
[White "thiagobh"]
[Black "fafadu32"]
[Result "0-1"]
[WhiteElo "1518"]
[BlackElo "1526"]

1. Nf3 Nc6 2. g3 e5 3. d3 d5 4. Nbd2 Bc5 5. Bg2 Nf6 6. O-O e4 7. dxe4 dxe4 8.
Nxe4 Qxd1 9. Nxf6+ gxf6 10. Rxd1 Bd7 11. Bh6 O-O-O 12. Bg7 Rhg8 13. Bxf6 Rde8
14. e3 Bg4 0-1